• 首页
  • 本馆介绍
  • 公告通知
  • 最新文献
  • 馆藏检索
  • 电子资源
  • 读者导购
  • 参考咨询
  • 我的图书馆
  • 登录
  • 详细信息显示
  • 放入我的书架
  • 预约/预借图书
  • 作者相关作品
  • 分类相关作品
  • 丛书相关作品
  • 出版社相关作品

书目信息

  • 表格格式
  • 工作单格式
  • 卡片格式
题名:
他的目光
    
 
作者: 林路 编著
分册:  
出版信息: 郑州   河南科学技术出版社  2000
页数: 291页
开本: 21cm
丛书名: 女性摄影
单 册:
中图分类: J413
科图分类:
主题词: 人象摄影--女性--摄影艺术--艺术评论 , 人象摄影--女性--摄影艺术--世界--摄影集 , 人象摄影 , 女性 , 摄影艺术
电子资源:
ISBN: 7-5349-2530-4
000 01082oam2 2200313 450
001 012007686623
005 20070605150031.73
010    @a7-5349-2530-4@dCNY39.00
100    @a20070602d2000 km y0chiy0120 ea
101 0  @achi
102    @aCN@b410000
105    @aa z 000yy
106    @ar
200 1  @a他的目光@Ata de mu guang@e男性摄影家的女性题材@f林路编著@Flin lu bian zhu
210    @a郑州@c河南科学技术出版社@d2000
215    @a291页@c照片@d21cm
225 2  @a女性摄影
330    @a在这本书中,我们试图探讨的是“女性的被观看”。男性摄影家以不同的审美特征、创作风格、文化意识创作的女性题材的佳作,展示了160年的摄影发展史中,男性摄影家的目光是如何转换着对女性的观看方式…。
461  0 @12001 @a女性摄影
517 1  @a男性摄影家的女性题材@Anan xing she ying jia de nu xing ti cai
606 0  @a人象摄影@x女性@x摄影艺术@x艺术评论
606 0  @a人象摄影@x女性@x摄影艺术@y世界@j摄影集
606 0  @a人象摄影
606 0  @a女性
606 0  @a摄影艺术
690    @aJ413@v4
701  0 @a林路@Alin lu@4编著
801  0 @aCN@bRULIN@c20070605
905    @dJ413@e197@s8
    
    他的目光:男性摄影家的女性题材/林路编著.-郑州:河南科学技术出版社,2000
    291页:照片;21cm.-(女性摄影)
    
    
    ISBN 7-5349-2530-4:CNY39.00
    在这本书中,我们试图探讨的是“女性的被观看”。男性摄影家以不同的审美特征、创作风格、文化意识创作的女性题材的佳作,展示了160年的摄影发展史中,男性摄影家的目光是如何转换着对女性的观看方式…。
●
相关链接 在E读中查询图书 在五车中查询图书 在当当中查询图书 在豆瓣中查询图书


正题名:他的目光     索取号:J413/197         预约/预借

序号 登录号 条形码 馆藏地/架位号 状态 备注
1 0582138   205821388   第一样本阅览室/ [索取号:J413/197] 在馆    
2 0582139   205821397   第一借阅区/ [索取号:J413/197] 在馆    
3 0582140   205821404   第一借阅区/ [索取号:J413/197] 在馆    
4 0582141   205821413   第一借阅区/ [索取号:J413/197] 在馆    
5 0582142   205821422   第一借阅区/ [索取号:J413/197] 在馆    
6 0582143   205821431   第一借阅区/ [索取号:J413/197] 在馆    
7 0582144   205821440   第一借阅区/ [索取号:J413/197] 在馆    
8 0582145   205821459   第一借阅区/ [索取号:J413/197] 在馆    
唐山师范学院图书馆 欢迎您!
大连网信软件有限公司© 版权所有